000 00710nam a2200265Ia 4500
005 20260121161428.0
008 008 260114s9999 xx 000 0 eng d
020 _a9781410610850
037 _aEBOOK
040 _aCRL
040 _beng
040 _cCRL
041 _2eng
041 _aeng
084 _qCRL
100 _aEpidemiology of Sleep
_91044657
245 0 _aKenneth L. Lichstein; Daniel J. Taylor; Andrew J. Bush; H. Heith Durrence; Brant W. Riedel
260 _bTaylor and Francis
260 _c2004
650 _aPsychological Science
_91044658
856 _uhttp://www.taylorfrancis.com/books/9781410610850
942 _cEBOOK
999 _c1610736
_d1610736